Medicínsky monitor

Bibliographic Details
New Title:Monitor medicíny SLS
Other Authors: Pružinec, Peter, 1953- (Publishing director)
Format: Journal
Language:Slovak
PhysicalDescription:15 zv. 30 cm
Published: Bratislava Bonus 1995-2009
Bratislava Bonus C.C.S.
ISSN:1335-0951
1338-2551
Subjects:

MARC

LEADER 00000cas a2200000 a 4500
001 vtls001469500
003 SK-MaSNL
005 20260228155850.0
008 040225d19952009xo qr|p 0 0b0slo c
022 |a 1335-0951 
035 |a SNK000424805 
035 |a (SVKBB03)vtls000046774 
040 |a SNK  |b slo  |c SNK  |d SVKBB  |e AACR2 
041 0 |a slo 
044 |a xo  |c SK 
072 7 |a 61  |x Lekárske vedy. Medicína  |2 konspekt 
080 |a 61  |2 2001 
080 |a 050  |2 2001 
080 |a (051)-027.561  |2 2001 
210 0 |a Med. monit. 
222 0 |a Medicínsky monitor 
245 0 0 |a Medicínsky monitor 
260 |a Bratislava  |b Bonus  |c 1995-2009 
260 3 |3 1998-2009  |a Bratislava  |b Bonus C.C.S. 
300 |a 15 zv.  |c 30 cm 
310 |a 4x ročne  |b 2005-2009 
321 |a 6x ročne  |b 1995-2004 
362 0 |a Roč. 1, č. 1 (1995)-roč. 15, č. 2 (2009) 
500 |a Vedúci odborný redaktor: (?-2009), Peter Pružinec 
515 |a R. 1995 vyšlo mimoriadne číslo 
550 |a 1995-1997 vydáva Slovenská lekárska spoločnosť, Bratislava v Bonuse, Bratislava 
550 |a 1998-2009 vydáva Bonus C.C.S., Bratislava pre Slovenskú lekársku spoločnosť, Bratislava 
650 0 7 |a medicína  |2 SNKPH  |9 899 
655 7 |a odborné časopisy  |2 SNKPH  |9 70505 
700 1 |a Pružinec, Peter,  |d 1953-  |4 pbd  |9 92867 
710 2 |a Slovenská lekárska spoločnosť  |4 pbl  |9 31272 
785 0 0 |t Monitor medicíny SLS  |x 1338-2551  |w vtls010194184 
852 |a Štátna vedecká knižnica v Banskej Bystrici 
910 |a savuk 
910 |a snk 
916 |a 1995-2009 
999 |c 766  |d 766 
952 |0 0  |1 0  |4 0  |7 0  |a SNK  |b SNK  |d 2005-01-28  |i snkČSP 568/2004  |l 0  |o snkČSB 5090/2002/D1  |p 17A0454823  |r 2026-02-21 21:03:09  |t č. 1-6  |w 2026-02-21  |y PREZ 
952 |0 0  |1 0  |4 0  |7 0  |8 0  |a SNK  |b SNK  |d 2014-05-07  |f 1  |i snk2014/10863  |l 0  |o snkČSB 5090/2003  |p 17A1088012  |r 2026-02-21 21:03:09  |t č. 1-6  |w 2026-02-21  |y PREZ 
952 |0 0  |1 0  |4 0  |7 0  |8 0  |a SNK  |b SNK  |d 2014-05-07  |i snk2014/10864  |l 0  |o snkČSB 5090/2003 D1  |p 17A1088013  |r 2026-02-21 21:03:09  |t č. 1-6  |w 2026-02-21  |y PREZ 
952 |0 0  |1 0  |4 0  |7 0  |8 0  |a SNK  |b SNK  |d 2014-05-07  |f 1  |i snk2014/10865  |l 0  |o snkČSB 5090/2004  |p 17A1088014  |r 2026-02-21 21:03:09  |t č. 1-6  |w 2026-02-21  |y PREZ 
952 |0 0  |1 0  |4 0  |7 0  |8 0  |a SNK  |b SNK  |d 2014-05-07  |i snk2014/10868  |l 0  |o snkČSB 5090/2004 D1  |p 17A1088015  |r 2026-02-21 21:03:09  |t č. 1-6  |w 2026-02-21  |y PREZ 
952 |0 0  |1 0  |4 0  |7 0  |8 0  |a SNK  |b SNK  |d 2014-05-07  |f 1  |i snk2014/10871  |l 0  |o snkČSB 5090/2005  |p 17A1088016  |r 2026-02-21 21:03:09  |t č. 1-4  |w 2026-02-21  |y PREZ 
952 |0 0  |1 0  |4 0  |7 0  |8 0  |a SNK  |b SNK  |d 2014-05-07  |i snk2014/10872  |l 0  |o snkČSB 5090/2005 D1  |p 17A1088017  |r 2026-02-21 21:03:09  |t č. 1-4  |w 2026-02-21  |y PREZ 
952 |0 0  |1 0  |4 0  |7 0  |8 0  |a SNK  |b SNK  |d 2014-05-07  |f 1  |i snk2014/10874  |l 0  |o snkČSB 5090/2006  |p 17A1088018  |r 2026-02-21 21:03:09  |t č. 1-4  |w 2026-02-21  |y PREZ 
952 |0 0  |1 0  |4 0  |7 0  |8 0  |a SNK  |b SNK  |d 2014-05-07  |i snk2014/10879  |l 0  |o snkČSB 5090/2006 D1  |p 17A1088019  |r 2026-02-21 21:03:09  |t č. 1-4  |w 2026-02-21  |y PREZ 
952 |0 0  |1 0  |4 0  |7 0  |8 0  |a SNK  |b SNK  |d 2014-05-07  |f 1  |i snk2014/10955  |l 0  |o snkČSB 5090/2007  |p 17A1088020  |r 2026-02-21 21:03:13  |t č. 1-4  |w 2026-02-21  |y PREZ 
952 |0 0  |1 0  |4 0  |7 0  |8 0  |a SNK  |b SNK  |d 2014-05-07  |i snk2014/10956  |l 0  |o snkČSB 5090/2007 D1  |p 17A1088021  |r 2026-02-21 21:03:13  |t č. 1-4  |w 2026-02-21  |y PREZ 
952 |0 0  |1 0  |4 0  |7 0  |8 0  |a SNK  |b SNK  |d 2014-05-07  |f 1  |i snk2014/10957  |l 0  |o snkČSB 5090/2008  |p 17A1088022  |r 2026-02-21 21:03:13  |t č. 1-4  |w 2026-02-21  |y PREZ 
952 |0 0  |1 0  |4 0  |7 0  |8 0  |a SNK  |b SNK  |d 2014-05-07  |i snk2014/10958  |l 0  |o snkČSB 5090/2008 D1  |p 17A1088023  |r 2026-02-21 21:03:13  |t č. 1-4  |w 2026-02-21  |y PREZ 
952 |0 0  |1 0  |4 0  |7 0  |8 0  |a SNK  |b SNK  |d 2014-05-07  |f 1  |i snk2014/10961  |l 0  |o snkČSB 5090/2009  |p 17A1088024  |r 2026-02-21 21:03:13  |t č. 1-2  |w 2026-02-21  |y PREZ 
952 |0 0  |1 0  |4 0  |7 0  |8 0  |a SNK  |b SNK  |d 2014-05-07  |i snk2014/10963  |l 0  |o snkČSB 5090/2009 D1  |p 17A1088025  |r 2026-02-21 21:03:14  |t č. 1-2  |w 2026-02-21  |y PREZ 
952 |0 0  |1 0  |4 0  |7 0  |a SNK  |b SNK  |d 2001-12-18  |f 1  |i snkČSP 2427/2000  |l 0  |o snkČSB 5090/1995  |p 17A0323093  |r 2005-01-02 00:00:00  |t č. 1-6  |w 2026-02-21  |y PREZ 
952 |0 0  |1 0  |4 0  |7 0  |a SNK  |b SNK  |d 2002-10-23  |f 1  |i snkČSP 2431/2000  |l 0  |o snkČSB 5090/1997  |p 17A0360791  |r 2005-01-02 00:00:00  |t č. 1-6  |w 2026-02-21  |y PREZ 
952 |0 0  |1 0  |4 0  |7 0  |a SNK  |b SNK  |d 2002-12-02  |l 0  |o snkČSB 5090/1997 D1  |p 17A0366474  |r 2005-01-02 00:00:00  |t č. 1-6  |w 2026-02-21  |y PREZ 
952 |0 0  |1 0  |4 0  |7 0  |a SNK  |b SNK  |d 2003-02-12  |f 1  |i snkČSP 2423/2000  |l 0  |o snkČSB 5090/1998  |p 17A0373038  |r 2005-01-02 00:00:00  |t č. 1-6  |w 2026-02-21  |y PREZ 
952 |0 0  |1 0  |4 0  |7 0  |a SNK  |b SNK  |d 2004-03-25  |i snkČSP 2426/2000  |l 0  |o snkČSB 5090/1996 D1  |p 17A0423558  |r 2005-01-02 00:00:00  |t č. 1-6  |w 2026-02-21  |y PREZ 
952 |0 0  |1 0  |4 0  |7 0  |a SNK  |b SNK  |d 2004-08-17  |f 1  |i snkČSP 565/2004  |l 0  |o snkČSB 5090/2001  |p 17A0440188  |r 2005-01-02 00:00:00  |t č. 1-6  |w 2026-02-21  |y PREZ 
952 |0 0  |1 0  |4 0  |7 0  |a SNK  |b SNK  |d 2004-10-14  |i snkČSP 2428/2000  |l 0  |o snkČSB 5090/1995 D1  |p 17A0440579  |r 2005-01-02 00:00:00  |t č. 1-6  |w 2026-02-21  |y PREZ 
952 |0 0  |1 0  |4 0  |7 0  |a SNK  |b SNK  |d 2001-09-25  |f 1  |i snkČSP 2425/2000  |l 0  |o snkČSB 5090/1996  |p 17A0315421  |r 2005-01-02 00:00:00  |t č. 1-6  |w 2026-02-21  |y PREZ 
952 |0 0  |1 0  |4 0  |7 0  |a SNK  |b SNK  |d 2002-05-24  |f 1  |i snkČSP 2429/2000  |l 0  |o snkČSB 5090/1999  |p 17A0341012  |r 2005-01-02 00:00:00  |t č. 1-6  |w 2026-02-21  |y PREZ 
952 |0 0  |1 0  |4 0  |7 0  |a SNK  |b SNK  |d 2003-08-25  |l 0  |o snkČSB 5090/1999 D1  |p 17A0390175  |r 2005-01-02 00:00:00  |t č. 1-6  |w 2026-02-21  |y PREZ  |z č. 1 - 6 
952 |0 0  |1 0  |4 0  |7 0  |a SNK  |b SNK  |d 2004-06-23  |f 1  |i snkČSP 567/2004  |l 0  |o snkČSB 5090/2002  |p 17A0433640  |r 2005-01-02 00:00:00  |t č. 1-6  |w 2026-02-21  |y PREZ 
952 |0 0  |1 0  |4 0  |7 0  |a SNK  |b SNK  |d 2004-08-16  |f 1  |i snkČSP 563/2004  |l 0  |o snkČSB 5090/2000  |p 17A0440146  |r 2005-01-02 00:00:00  |t č. 1-6  |w 2026-02-21  |y PREZ 
952 |0 0  |1 0  |4 0  |7 0  |a SNK  |b SNK  |d 2004-10-26  |i snkČSP 564/2004  |l 0  |o snkČSB 5090/2000 D1  |p 17A0418563  |r 2005-01-02 00:00:00  |t č. 1-6  |w 2026-02-21  |y PREZ 
952 |0 0  |1 0  |4 0  |7 0  |a SNK  |b SNK  |d 2004-10-27  |i snkČSP 566/2004  |l 0  |o snkČSB 5090/2001 D1  |p 17A0418951  |r 2005-01-02 00:00:00  |w 2026-02-21  |y PREZ 
952 |0 0  |1 0  |4 0  |7 0  |a SNK  |b SNK  |d 2009-08-19  |i snkČSP 2424/2000  |l 0  |o snkČSB 5090/1998 D1  |p 17A0629530  |r 2026-02-21 21:41:27  |t č. 1-6  |w 2026-02-21  |y PREZ